INNOVATIVE FORMS OF ORGANIZING (Record no. 22532)

MARC details
000 -LEADER
fixed length control field 00350nam a2200133Ia 4500
008 - FIXED-LENGTH DATA ELEMENTS--GENERAL INFORMATION
fixed length control field 240624s9999 xx 000 0 und d
041 ## - LANGUAGE CODE
Language code of text/sound track or separate title eng
082 ## - DEWEY DECIMAL CLASSIFICATION NUMBER
Classification number 658 PET
100 ## - MAIN ENTRY--PERSONAL NAME
Personal name PETTIGREW ANDREW M
245 ## - TITLE STATEMENT
Title INNOVATIVE FORMS OF ORGANIZING
260 ## - PUBLICATION, DISTRIBUTION, ETC.
Date of publication, distribution, etc. 2003
Place of publication, distribution, etc. London
Name of publisher, distributor, etc. Sage International
300 ## - PHYSICAL DESCRIPTION
Extent xiv, : 411 : p. : cm. ; 24
365 ## - TRADE PRICE
Currency code GBP
Price amount 38
Holdings
Withdrawn status Lost status Damaged status Not for loan Home library Current library Shelving location Date acquired Source of acquisition Cost, normal purchase price Full call number Barcode Date last seen Copy number Price effective from Koha item type
        IMTN IMTN Rack 22-B 03/24/2014 RW 111.00 658 PET 22532 06/24/2024 108.9 06/24/2024 Books
Designed & Maintained by: LRC IMT Nagpur Contact: lrc@imtnag.ac.in© 2024. All Rights Reserved.